| 000 | 00445nam a2200157Ia 4500 | ||
|---|---|---|---|
| 008 | 220204s9999 xx 000 0 und d | ||
| 082 |
_a338.43.01 _bBHA |
||
| 245 | 0 | _aEconomic development and agricultural productivity | |
| 260 |
_aCheltenham,UK _bEdward Elgar _c1997 |
||
| 650 | _aEcological sustainability | ||
| 650 | _aFarm prices | ||
| 650 | _aTrade liberalization | ||
| 700 | _aBhaduri, Amit | ||
| 700 | _aSkarstein, Rune | ||
| 942 | _cBK | ||
| 999 |
_c41692 _d41692 |
||